Девочка из города; Гуси-лебеди: повести; для младшего школьного возраста

Бібліографічні деталі
Автор: Воронкова Л. Ф. Любовь Федоровна
Інші автори: Гальдяев В. Л. (иллюстратор)
Резюме:В книгу входят две повести о детстве, о любви к Родине, природе, об уважении к труду, доброте, честности во всем, дружбе людей.
Мова:Російська
Опубліковано: Москва, Детская литература, 1991
Предмети:
Формат: Книга
KOHA link:https://koha.lib.tpu.ru/cgi-bin/koha/opac-detail.pl?biblionumber=153998

MARC

LEADER 00000nam0a2200000 4500
001 153998
005 20231031151631.0
010 |a 5080004525 
020 |a RU  |b 91-49851 
035 |a (RuTPU)RU\TPU\book\167048 
090 |a 153998 
100 |a 20090219d1991 c y0rusy5003 ca 
101 0 |a rus 
102 |a RU 
105 |a a z 000ay 
200 1 |a Девочка из города; Гуси-лебеди  |e повести   |e для младшего школьного возраста  |f Л. Ф. Воронкова  |g худож. В. Л. Гальдяев 
210 |a Москва  |c Детская литература  |d 1991 
215 |a 223 с.  |c цв. ил.  |d 26 см 
330 |a В книгу входят две повести о детстве, о любви к Родине, природе, об уважении к труду, доброте, честности во всем, дружбе людей. 
610 1 |a Дети в деревне 
610 1 |a Колхозы и колхозники 
610 1 |a детская литература 
610 1 |a повести 
675 |a Р2  |z rus 
700 1 |a Воронкова  |b Л. Ф.  |g Любовь Федоровна  |4 070 
702 1 |a Гальдяев  |b В. Л.  |4 440 
801 0 |a RU  |b RuMRKP  |c 19950417  |g psbo 
801 1 |a RU  |b 63413507  |c 20090219  |g PSBO 
801 2 |a RU  |b 63413507  |c 20180503  |g PSBO 
942 |c BK